00553cam a22001457a 4500008004000000082001600040100002100056245009000077260002600167300001000193650005000203650004800253999001900301952008700320180718b1978 xxu||||| |||| 00| 0 eng d aT39x54 M896 aMukherji, Sadhan aIndia's economic relations with USA and USSR: a comparative studycby Sadhan Mukherji aDelhibSterlingc1978 a372p. aIndia - Foreign economic relations - U.S.S.R. aIndia - Foreign economic relations - U.S.A. c349160d349160 00104070aIIPAbIIPAd1993-10-29oT39x54 M896p53330r2018-07-21w2018-07-21yBK